Catálogo
 En Linea

Guía de bibliotecas de la Universidad de Chile / (Registro nro. 15329)

Detalles MARC
000 -CABECERA
campo de control de longitud fija 00684cam a2200169 a 4500
001 - NÚMERO DE CONTROL
campo de control 000015782
005 - FECHA Y HORA DE LA ÚLTIMA TRANSACCIÓN
campo de control 20200929164142.0
008 - DATOS DE LONGITUD FIJA--INFORMACIÓN GENERAL
campo de control de longitud fija 901025s1983 cl a f 001 0 spa
040 ## - FUENTE DE LA CATALOGACIÓN
Centro catalogador/agencia de origen DO-SdBNP
Lengua de catalogación spa
Centro/agencia transcriptor BNPHU
082 ## - NÚMERO DE LA CLASIFICACIÓN DECIMAL DEWEY
Número de clasificación xx
Número de documento/Ítem G943
245 00 - MENCIÓN DE TÍTULO
Título Guía de bibliotecas de la Universidad de Chile /
Mención de responsabilidad, etc. proyectó la edición ; Felipe Infante B.
260 ## - PUBLICACIÓN, DISTRIBUCIÓN, ETC.
Lugar de publicación, distribución, etc. Santiago de Chile :
Nombre del editor, distribuidor, etc. Universidad de Chile, Dirección General Académica, Departamento de Extensión,
Fecha de publicación, distribución, etc. 1983.
300 ## - DESCRIPCIÓN FÍSICA
Extensión 109 p. :
Otras características físicas il. ;
Dimensiones 18 cm.
610 20 - PUNTO DE ACCESO ADICIONAL DE MATERIA--NOMBRE DE ENTIDAD CORPORATIVA
Nombre de entidad corporativa o nombre de jurisdicción como elemento de entrada Universidad de Chile
Subdivisión general Libraries
Subdivisión de forma Guidebooks.
9 (RLIN) 35523
700 1# - PUNTO DE ACCESO ADICIONAL--NOMBRE DE PERSONA
Nombre de persona Infante B., Felipe.
Término indicativo de función/relación ed.
9 (RLIN) 35524
710 2# - PUNTO DE ACCESO ADICIONAL--NOMBRE DE ENTIDAD CORPORATIVA
Nombre de entidad corporativa o nombre de jurisdicción como elemento de entrada Universidad de Chile.
Unidad subordinada Departamento de Extension.
9 (RLIN) 35525
Existencias
Estado de retiro Estado de pérdida Restricciones de uso No para préstamo Código de colección Localización permanente Ubicación/localización actual Ubicación en estantería Fecha de adquisición Número de inventario Total de préstamos Signatura topográfica completa Código de barras Fecha visto por última vez Precio válido a partir de Tipo de ítem Koha
    Préstamo interno   Monografías: Libros y Folletos General General En catalogación 17.02.2010 LF1   xx G943 15782-10 25.06.2020 25.06.2020 Préstamo interno

Con tecnología Koha